[Event "DEM U16 2018"]
[Site "Willingen GER"]
[Date "2018.05.23"]
[Round "6"]
[White "Roseneck, Jonas"]
[Black "Färber, David"]
[Result "0-1"]
[Termination "normal"]
[Board "4"]
[WhiteElo "2183"]
[BlackElo "2256"]
[WhiteClock "00:11:43"]
[BlackClock "00:12:15"]
[PlyCount "120"]
[WhiteFideId "12939870"]
[BlackFideId "12971294"]
[EventCountry "GER"]
[EventRounds "9"]
[EventType "swiss"]
[EventDate "2018.05.19"]

1. e4 {[%clk 1:30:58]} 1... c5 {[%clk 1:30:38]} 2. Nf3 {[%clk 1:31:22]} 2...
Nc6 {[%clk 1:30:51]} 3. d4 {[%clk 1:31:47]} 3... cxd4 {[%clk 1:31:11]} 4. Nxd4
{[%clk 1:32:16]} 4... e6 {[%clk 1:31:15]} 5. Nc3 {[%clk 1:32:41]} 5... Qc7 {
[%clk 1:31:36]} 6. Be3 {[%clk 1:33:07]} 6... a6 {[%clk 1:31:50]} 7. Be2 { [%clk
1:33:34]} 7... Nf6 {[%clk 1:28:38]} 8. O-O {[%clk 1:33:56]} 8... Be7 { [%clk
1:28:16]} 9. f4 {[%clk 1:34:11]} 9... d6 {[%clk 1:28:27]} 10. Kh1 { [%clk
1:34:37]} 10... O-O {[%clk 1:27:08]} 11. Qe1 {[%clk 1:35:02]} 11... Nxd4 {[%clk
1:18:33]} 12. Bxd4 {[%clk 1:35:12]} 12... e5 {[%clk 1:17:27]} 13. Be3 { [%clk
1:34:17]} 13... exf4 {[%clk 1:10:21]} 14. Bxf4 {[%clk 1:33:56]} 14... Be6
{[%clk 1:10:11]} 15. Rd1 {[%clk 1:27:41]} 15... Nd7 {[%clk 1:04:50]} 16. Nd5 {
[%clk 1:25:03]} 16... Bxd5 {[%clk 1:04:41]} 17. exd5 {[%clk 1:25:32]} 17... Bf6
{[%clk 1:01:19]} 18. c3 {[%clk 1:23:43]} 18... Rae8 {[%clk 0:51:21]} 19. Qf2 {
[%clk 1:14:24]} 19... g6 {[%clk 0:47:22]} 20. Rc1 {[%clk 1:01:51]} 20... Be5 {
[%clk 0:39:13]} 21. Bh6 {[%clk 0:58:20]} 21... Bg7 {[%clk 0:38:53]} 22. Bxg7 {
[%clk 0:58:45]} 22... Kxg7 {[%clk 0:39:13]} 23. Qd4+ {[%clk 0:59:14]} 23... Re5
{[%clk 0:34:05]} 24. c4 {[%clk 0:56:51]} 24... Qc5 {[%clk 0:24:32]} 25. Qc3 {
[%clk 0:52:57]} 25... a5 {[%clk 0:19:33]} 26. Bg4 {[%clk 0:39:42]} 26... f5 {
[%clk 0:18:45]} 27. Bd1 {[%clk 0:40:09]} 27... Nf6 {[%clk 0:17:37]} 28. Bf3 {
[%clk 0:34:12]} 28... Rfe8 {[%clk 0:16:15]} 29. Rfe1 {[%clk 0:32:59]} 29... Kf7
{[%clk 0:14:21]} 30. Rxe5 {[%clk 0:30:02]} 30... Rxe5 {[%clk 0:12:39]} 31. Qd2
{[%clk 0:23:22]} 31... Ne4 {[%clk 0:10:22]} 32. Bxe4 {[%clk 0:23:44]} 32...
Rxe4 {[%clk 0:10:47]} 33. b3 {[%clk 0:23:23]} 33... Qe3 {[%clk 0:08:55]} 34.
Qxe3 {[%clk 0:19:42]} 34... Rxe3 {[%clk 0:09:23]} 35. Kg1 {[%clk 0:20:01]}
35... Re2 {[%clk 0:09:17]} 36. c5 {[%clk 0:20:26]} 36... Ke7 {[%clk 0:07:10]}
37. c6 {[%clk 0:16:59]} 37... bxc6 {[%clk 0:07:33]} 38. Rxc6 {[%clk 0:17:25]}
38... Rxa2 {[%clk 0:07:44]} 39. Rc7+ {[%clk 0:17:53]} 39... Kf6 {[%clk 0:07:41]
} 40. Rxh7 {[%clk 0:18:20]} 40... Rd2 {[%clk 0:07:37]} 41. Rb7 {[%clk 0:14:15]}
41... Rxd5 {[%clk 0:07:41]} 42. Kf2 {[%clk 0:14:36]} 42... Rc5 {[%clk 0:27:52]}
43. h3 {[%clk 0:34:47]} 43... Ke5 {[%clk 0:23:00]} 44. b4 {[%clk 0:29:52]}
44... Rc2+ {[%clk 0:21:57]} 45. Kf3 {[%clk 0:30:17]} 45... Rc3+ {[%clk 0:22:16]
} 46. Kf2 {[%clk 0:30:40]} 46... Rb3 {[%clk 0:19:27]} 47. Rb5+ {[%clk 0:31:01]}
47... d5 {[%clk 0:19:46]} 48. Rxa5 {[%clk 0:31:26]} 48... Rxb4 {[%clk 0:20:11]}
49. Ra3 {[%clk 0:28:09]} 49... g5 {[%clk 0:19:25]} 50. Re3+ {[%clk 0:25:57]}
50... Re4 {[%clk 0:19:06]} 51. Rg3 {[%clk 0:26:22]} 51... g4 {[%clk 0:17:42]}
52. hxg4 {[%clk 0:26:41]} 52... Rf4+ {[%clk 0:17:54]} 53. Kg1 {[%clk 0:26:34]}
53... fxg4 {[%clk 0:17:13]} 54. Ra3 {[%clk 0:23:12]} 54... d4 {[%clk 0:16:11]}
55. Kh2 {[%clk 0:23:35]} 55... Kd5 {[%clk 0:15:55]} 56. Kg3 {[%clk 0:23:03]}
56... Re4 {[%clk 0:16:19]} 57. Ra4 {[%clk 0:12:37]} 57... d3 {[%clk 0:14:01]}
58. Ra8 {[%clk 0:11:38]} 58... Kd4 {[%clk 0:13:59]} 59. Kf2 {[%clk 0:11:18]}
59... d2 {[%clk 0:11:55]} 60. Rd8+ {[%clk 0:11:43]} 60... Kc3 {[%clk 0:12:15]}
0-1

[Event "DEM U16 2018"]
[Site "Willingen GER"]
[Date "2018.05.23"]
[Round "6"]
[White "Wong, Gengchun"]
[Black "Zimmer, Raphael"]
[Result "1/2-1/2"]
[Termination "normal"]
[Board "5"]
[BlackTitle "FM"]
[WhiteElo "2120"]
[BlackElo "2146"]
[WhiteClock "00:01:55"]
[BlackClock "00:02:50"]
[PlyCount "97"]
[WhiteFideId "12963283"]
[BlackFideId "12978841"]
[EventCountry "GER"]
[EventRounds "9"]
[EventType "swiss"]
[EventDate "2018.05.19"]

1. Nf3 {[%clk 1:30:29]} 1... Nf6 {[%clk 1:30:41]} 2. g3 {[%clk 1:29:47]} 2...
b5 {[%clk 1:27:20]} 3. Bg2 {[%clk 1:28:11]} 3... Bb7 {[%clk 1:25:40]} 4. O-O {
[%clk 1:27:11]} 4... e6 {[%clk 1:24:25]} 5. d3 {[%clk 1:27:03]} 5... d5 { [%clk
1:17:42]} 6. Nbd2 {[%clk 1:22:30]} 6... Bc5 {[%clk 1:15:53]} 7. c4 { [%clk
1:20:17]} 7... bxc4 {[%clk 1:10:33]} 8. dxc4 {[%clk 1:19:17]} 8... Bb6 { [%clk
1:06:30]} 9. Qc2 {[%clk 0:59:41]} 9... Nbd7 {[%clk 1:02:24]} 10. e3 { [%clk
0:51:53]} 10... Qe7 {[%clk 0:52:38]} 11. b3 {[%clk 0:49:31]} 11... O-O { [%clk
0:48:23]} 12. Bb2 {[%clk 0:49:40]} 12... Rab8 {[%clk 0:44:05]} 13. Rac1 { [%clk
0:48:32]} 13... Rfd8 {[%clk 0:38:24]} 14. Rfd1 {[%clk 0:47:40]} 14... Ba8
{[%clk 0:35:16]} 15. h3 {[%clk 0:44:41]} 15... h6 {[%clk 0:28:12]} 16. Ne5 {
[%clk 0:42:07]} 16... c5 {[%clk 0:24:59]} 17. Nd3 {[%clk 0:31:53]} 17... Ne8 {
[%clk 0:20:09]} 18. Nf4 {[%clk 0:21:04]} 18... Ndf6 {[%clk 0:17:46]} 19. Ba3 {
[%clk 0:20:16]} 19... Rbc8 {[%clk 0:17:39]} 20. Nf3 {[%clk 0:19:16]} 20... Ne4
{[%clk 0:14:16]} 21. Ne5 {[%clk 0:17:14]} 21... N8f6 {[%clk 0:12:31]} 22. Kh2 {
[%clk 0:13:22]} 22... Bb7 {[%clk 0:10:21]} 23. Ned3 {[%clk 0:12:10]} 23... Qe8
{[%clk 0:06:08]} 24. f3 {[%clk 0:08:32]} 24... Nd6 {[%clk 0:03:01]} 25. Ne5 {
[%clk 0:07:57]} 25... Nf5 {[%clk 0:02:41]} 26. Qf2 {[%clk 0:06:59]} 26... d4 {
[%clk 0:01:13]} 27. e4 {[%clk 0:06:03]} 27... Ne3 {[%clk 0:00:49]} 28. Rg1 {
[%clk 0:05:18]} 28... a5 {[%clk 0:00:43]} 29. Rb1 {[%clk 0:04:53]} 29... Bc7 {
[%clk 0:00:37]} 30. Ned3 {[%clk 0:05:03]} 30... e5 {[%clk 0:00:35]} 31. Nd5 {
[%clk 0:03:08]} 31... Bxd5 {[%clk 0:00:48]} 32. cxd5 {[%clk 0:03:36]} 32... Bd6
{[%clk 0:01:05]} 33. Nb2 {[%clk 0:02:13]} 33... c4 {[%clk 0:00:42]} 34. Bxd6 {
[%clk 0:02:39]} 34... Rxd6 {[%clk 0:01:05]} 35. Nxc4 {[%clk 0:02:24]} 35...
Nxc4 {[%clk 0:01:27]} 36. bxc4 {[%clk 0:02:51]} 36... Rxc4 {[%clk 0:01:48]} 37.
Rgc1 {[%clk 0:02:14]} 37... Rb4 {[%clk 0:00:42]} 38. Rxb4 {[%clk 0:01:18]}
38... axb4 {[%clk 0:01:05]} 39. Qb2 {[%clk 0:01:36]} 39... Rb6 {[%clk 0:00:34]}
40. Rc4 {[%clk 0:01:00]} 40... Qb8 {[%clk 0:00:37]} 41. Qb3 {[%clk 0:00:32]}
41... Qd6 {[%clk 0:17:22]} 42. Bf1 {[%clk 0:25:01]} 42... Kf8 {[%clk 0:12:46]}
43. Qa4 {[%clk 0:11:49]} 43... Nd7 {[%clk 0:11:25]} 44. Rc8+ {[%clk 0:11:10]}
44... Ke7 {[%clk 0:11:44]} 45. Rc6 {[%clk 0:07:08]} 45... Rxc6 {[%clk 0:09:41]}
46. dxc6 {[%clk 0:07:33]} 46... Nc5 {[%clk 0:03:47]} 47. Qa7+ {[%clk 0:07:18]}
47... Kd8 {[%clk 0:03:18]} 48. Qb6+ {[%clk 0:03:06]} 48... Kc8 {[%clk 0:02:50]}
49. Ba6+ {[%clk 0:01:55]} 1/2-1/2

[Event "DEM U16 2018"]
[Site "Willingen GER"]
[Date "2018.05.23"]
[Round "6"]
[White "Köhler, Lukas"]
[Black "Schmider, Niklas"]
[Result "0-1"]
[Termination "normal"]
[Board "6"]
[WhiteElo "1852"]
[BlackElo "2169"]
[WhiteClock "00:01:24"]
[BlackClock "00:43:45"]
[PlyCount "80"]
[WhiteFideId "16221990"]
[BlackFideId "12993778"]
[EventCountry "GER"]
[EventRounds "9"]
[EventType "swiss"]
[EventDate "2018.05.19"]

1. e4 {[%clk 1:30:57]} 1... c5 {[%clk 1:30:55]} 2. Nf3 {[%clk 1:31:20]} 2... d6
{[%clk 1:31:16]} 3. Bb5+ {[%clk 1:31:45]} 3... Nd7 {[%clk 1:31:40]} 4. O-O {
[%clk 1:32:09]} 4... a6 {[%clk 1:32:01]} 5. Bd3 {[%clk 1:32:36]} 5... Ngf6 {
[%clk 1:32:25]} 6. c3 {[%clk 1:32:27]} 6... g6 {[%clk 1:32:35]} 7. Bc2 { [%clk
1:32:18]} 7... Bg7 {[%clk 1:27:32]} 8. d4 {[%clk 1:32:30]} 8... e5 { [%clk
1:27:41]} 9. dxe5 {[%clk 1:22:08]} 9... dxe5 {[%clk 1:27:49]} 10. Qe2 { [%clk
1:22:21]} 10... O-O {[%clk 1:27:53]} 11. Rd1 {[%clk 1:22:30]} 11... Qc7 { [%clk
1:28:08]} 12. Nbd2 {[%clk 1:21:04]} 12... b5 {[%clk 1:27:47]} 13. a4 { [%clk
1:12:54]} 13... Rb8 {[%clk 1:28:09]} 14. Nf1 {[%clk 1:11:05]} 14... Bb7 { [%clk
1:24:36]} 15. axb5 {[%clk 1:00:24]} 15... axb5 {[%clk 1:24:50]} 16. Bg5 { [%clk
0:58:10]} 16... h6 {[%clk 1:20:34]} 17. Bh4 {[%clk 0:56:07]} 17... Rfe8 { [%clk
1:16:49]} 18. N3d2 {[%clk 0:37:30]} 18... Nh5 {[%clk 1:08:47]} 19. Bg3 { [%clk
0:35:02]} 19... c4 {[%clk 1:07:41]} 20. Ne3 {[%clk 0:34:00]} 20... Nf4 { [%clk
1:07:51]} 21. Qf1 {[%clk 0:28:37]} 21... Nc5 {[%clk 1:01:11]} 22. Bxf4 { [%clk
0:23:36]} 22... exf4 {[%clk 1:01:31]} 23. Nd5 {[%clk 0:23:59]} 23... Bxd5
{[%clk 1:01:03]} 24. exd5 {[%clk 0:22:04]} 24... Rbd8 {[%clk 1:00:40]} 25. Nxc4
{[%clk 0:15:02]} 25... bxc4 {[%clk 0:59:52]} 26. Qxc4 {[%clk 0:15:31]} 26...
Qd6 {[%clk 0:56:02]} 27. b4 {[%clk 0:09:49]} 27... Nd7 {[%clk 0:55:46]} 28. Ba4
{[%clk 0:09:55]} 28... Nb6 {[%clk 0:55:13]} 29. Qb3 {[%clk 0:02:01]} 29... Nxa4
{[%clk 0:55:26]} 30. Qxa4 {[%clk 0:02:27]} 30... Bxc3 {[%clk 0:55:06]} 31. Rab1
{[%clk 0:02:57]} 31... Re4 {[%clk 0:53:57]} 32. Qc2 {[%clk 0:02:32]} 32... Qe5
{[%clk 0:53:30]} 33. h3 {[%clk 0:02:10]} 33... Bd4 {[%clk 0:50:28]} 34. b5 {
[%clk 0:00:50]} 34... Re2 {[%clk 0:49:23]} 35. Qd3 {[%clk 0:01:09]} 35... Rxd5
{[%clk 0:48:55]} 36. Kh1 {[%clk 0:00:40]} 36... Rxf2 {[%clk 0:46:08]} 37. Rb4 {
[%clk 0:00:41]} 37... Bc5 {[%clk 0:43:48]} 38. Qxd5 {[%clk 0:00:35]} 38... Qxd5
{[%clk 0:43:39]} 39. Rxd5 {[%clk 0:01:03]} 39... Rf1+ {[%clk 0:43:49]} 40. Kh2
{[%clk 0:01:24]} 40... Bg1+ {[%clk 0:43:45]} 0-1

[Event "DEM U16 2018"]
[Site "Willingen GER"]
[Date "2018.05.23"]
[Round "6"]
[White "Stork, Oliver"]
[Black "Knüdel, Torben"]
[Result "0-1"]
[Termination "normal"]
[Board "7"]
[WhiteElo "2195"]
[BlackElo "2034"]
[WhiteClock "00:01:22"]
[BlackClock "00:35:56"]
[PlyCount "74"]
[WhiteFideId "12955728"]
[BlackFideId "16208820"]
[EventCountry "GER"]
[EventRounds "9"]
[EventType "swiss"]
[EventDate "2018.05.19"]

1. c4 {[%clk 1:30:56]} 1... c5 {[%clk 1:30:57]} 2. g3 {[%clk 1:31:19]} 2... Nc6
{[%clk 1:31:25]} 3. Bg2 {[%clk 1:31:41]} 3... g6 {[%clk 1:31:52]} 4. Nc3 {
[%clk 1:32:04]} 4... Bg7 {[%clk 1:32:19]} 5. d3 {[%clk 1:31:30]} 5... e6 {
[%clk 1:32:40]} 6. e4 {[%clk 1:31:53]} 6... Nge7 {[%clk 1:33:05]} 7. Nge2 {
[%clk 1:32:17]} 7... d6 {[%clk 1:33:13]} 8. O-O {[%clk 1:32:38]} 8... O-O {
[%clk 1:33:31]} 9. Be3 {[%clk 1:32:54]} 9... Nd4 {[%clk 1:33:51]} 10. Rb1 {
[%clk 1:31:57]} 10... Nec6 {[%clk 1:28:29]} 11. f4 {[%clk 1:21:50]} 11... a6 {
[%clk 1:28:24]} 12. Bf2 {[%clk 1:11:28]} 12... Qa5 {[%clk 1:21:39]} 13. a3 {
[%clk 0:54:21]} 13... Rb8 {[%clk 1:18:57]} 14. Nxd4 {[%clk 0:44:25]} 14... Nxd4
{[%clk 1:17:41]} 15. Ne2 {[%clk 0:41:23]} 15... Nxe2+ {[%clk 1:15:18]} 16. Qxe2
{[%clk 0:41:47]} 16... b5 {[%clk 1:14:45]} 17. cxb5 {[%clk 0:29:15]} 17... Rxb5
{[%clk 1:12:51]} 18. g4 {[%clk 0:22:01]} 18... Bd7 {[%clk 1:10:27]} 19. f5 {
[%clk 0:17:23]} 19... Rfb8 {[%clk 1:04:50]} 20. Qf3 {[%clk 0:07:46]} 20... Qd8
{[%clk 0:50:36]} 21. Bg3 {[%clk 0:06:10]} 21... Qf8 {[%clk 0:46:06]} 22. f6 {
[%clk 0:03:46]} 22... Bh6 {[%clk 0:46:17]} 23. Qe2 {[%clk 0:03:34]} 23... e5 {
[%clk 0:45:29]} 24. h4 {[%clk 0:02:52]} 24... Qc8 {[%clk 0:45:14]} 25. g5 {
[%clk 0:03:19]} 25... Bf8 {[%clk 0:45:34]} 26. Rf2 {[%clk 0:01:43]} 26... Rb3 {
[%clk 0:44:18]} 27. Bf1 {[%clk 0:00:40]} 27... Rxa3 {[%clk 0:43:01]} 28. Rh2 {
[%clk 0:00:54]} 28... Bg4 {[%clk 0:42:30]} 29. Qc2 {[%clk 0:01:15]} 29... Rab3
{[%clk 0:42:29]} 30. Be2 {[%clk 0:01:09]} 30... c4 {[%clk 0:41:42]} 31. h5 {
[%clk 0:00:43]} 31... gxh5 {[%clk 0:38:31]} 32. Rxh5 {[%clk 0:00:35]} 32...
Bxh5 {[%clk 0:38:42]} 33. Bxh5 {[%clk 0:01:01]} 33... Qh3 {[%clk 0:37:33]} 34.
Bxf7+ {[%clk 0:01:21]} 34... Kxf7 {[%clk 0:37:20]} 35. Qxc4+ {[%clk 0:01:47]}
35... Qe6 {[%clk 0:37:05]} 36. Qxa6 {[%clk 0:01:43]} 36... Kg6 {[%clk 0:35:55]}
37. Qa7 {[%clk 0:01:22]} 37... Qg4 {[%clk 0:35:56]} 0-1

[Event "DEM U16 2018"]
[Site "Willingen GER"]
[Date "2018.05.23"]
[Round "6"]
[White "Yankelevich, Michael"]
[Black "Biastoch, Bennet"]
[Result "1/2-1/2"]
[Termination "normal"]
[Board "8"]
[WhiteElo "1986"]
[BlackElo "2173"]
[WhiteClock "01:21:53"]
[BlackClock "00:13:03"]
[PlyCount "156"]
[WhiteFideId "12921440"]
[BlackFideId "12939889"]
[EventCountry "GER"]
[EventRounds "9"]
[EventType "swiss"]
[EventDate "2018.05.19"]

1. e4 {[%clk 1:30:57]} 1... c5 {[%clk 1:30:55]} 2. Nc3 {[%clk 1:31:22]} 2... d6
{[%clk 1:30:53]} 3. f4 {[%clk 1:31:38]} 3... Nc6 {[%clk 1:30:10]} 4. Nf3 {
[%clk 1:31:57]} 4... g6 {[%clk 1:30:08]} 5. Bb5 {[%clk 1:31:13]} 5... Bd7 {
[%clk 1:24:56]} 6. Bc4 {[%clk 1:30:00]} 6... Bg7 {[%clk 1:21:58]} 7. O-O {
[%clk 1:29:50]} 7... e6 {[%clk 1:19:10]} 8. f5 {[%clk 1:27:25]} 8... Nd4 {
[%clk 1:08:53]} 9. fxe6 {[%clk 1:25:26]} 9... Bxe6 {[%clk 1:06:41]} 10. Bxe6 {
[%clk 1:25:11]} 10... Nxe6 {[%clk 1:06:12]} 11. d3 {[%clk 1:18:50]} 11... Ne7 {
[%clk 0:58:32]} 12. Ng5 {[%clk 1:16:36]} 12... O-O {[%clk 0:57:07]} 13. Nxe6 {
[%clk 1:15:56]} 13... fxe6 {[%clk 0:57:31]} 14. Bg5 {[%clk 1:15:44]} 14... Qd7
{[%clk 0:56:38]} 15. Qg4 {[%clk 1:15:39]} 15... Nc6 {[%clk 0:55:19]} 16. Qh3 {
[%clk 1:12:45]} 16... Ne5 {[%clk 0:51:55]} 17. Ne2 {[%clk 1:11:18]} 17... Rae8
{[%clk 0:48:22]} 18. c4 {[%clk 0:59:37]} 18... d5 {[%clk 0:35:21]} 19. Rxf8+ {
[%clk 0:53:40]} 19... Rxf8 {[%clk 0:35:30]} 20. exd5 {[%clk 0:53:51]} 20...
exd5 {[%clk 0:35:44]} 21. Qxd7 {[%clk 0:53:14]} 21... Nxd7 {[%clk 0:36:09]} 22.
cxd5 {[%clk 0:53:03]} 22... Rf5 {[%clk 0:36:22]} 23. Be3 {[%clk 0:53:10]} 23...
Rxd5 {[%clk 0:35:08]} 24. d4 {[%clk 0:52:20]} 24... cxd4 {[%clk 0:34:26]} 25.
Rd1 {[%clk 0:52:42]} 25... Nc5 {[%clk 0:34:31]} 26. Bf2 {[%clk 0:52:35]} 26...
Ne6 {[%clk 0:34:31]} 27. Nc1 {[%clk 0:51:10]} 27... Nf4 {[%clk 0:30:07]} 28.
Kf1 {[%clk 0:48:29]} 28... Kf7 {[%clk 0:27:47]} 29. Nd3 {[%clk 0:47:37]} 29...
Nxd3 {[%clk 0:23:33]} 30. Rxd3 {[%clk 0:47:55]} 30... Ke6 {[%clk 0:23:43]} 31.
Ke2 {[%clk 0:47:35]} 31... Rb5 {[%clk 0:23:21]} 32. b3 {[%clk 0:47:43]} 32...
Rg5 {[%clk 0:21:43]} 33. g3 {[%clk 0:45:49]} 33... Kd5 {[%clk 0:18:17]} 34. Rf3
{[%clk 0:45:32]} 34... Rf5 {[%clk 0:15:47]} 35. Rxf5+ {[%clk 0:45:20]} 35...
gxf5 {[%clk 0:16:12]} 36. Kd3 {[%clk 0:45:50]} 36... Kc5 {[%clk 0:15:38]} 37.
a3 {[%clk 0:46:03]} 37... b5 {[%clk 0:15:33]} 38. Be1 {[%clk 0:46:15]} 38...
Kd5 {[%clk 0:15:26]} 39. Bd2 {[%clk 0:46:32]} 39... Bf8 {[%clk 0:15:09]} 40. a4
{[%clk 0:46:58]} 40... bxa4 {[%clk 0:14:54]} 41. bxa4 {[%clk 0:47:27]} 41...
Bd6 {[%clk 0:10:10]} 42. Bc1 {[%clk 0:46:37]} 42... Bb4 {[%clk 0:05:50]} 43.
Bh6 {[%clk 0:46:32]} 43... Bc3 {[%clk 0:05:35]} 44. Bf8 {[%clk 0:46:37]} 44...
a6 {[%clk 0:04:07]} 45. Be7 {[%clk 0:46:15]} 45... Be1 {[%clk 0:04:14]} 46. Ke2
{[%clk 0:46:38]} 46... Ba5 {[%clk 0:03:25]} 47. Kd3 {[%clk 0:46:54]} 47... Bc7
{[%clk 0:03:07]} 48. Bg5 {[%clk 0:47:18]} 48... h5 {[%clk 0:02:48]} 49. Bc1 {
[%clk 0:47:00]} 49... Ba5 {[%clk 0:26:26]} 50. Bg5 {[%clk 1:16:12]} 50... Bc7 {
[%clk 0:22:04]} 51. Bc1 {[%clk 1:16:10]} 51... Be5 {[%clk 0:22:17]} 52. Bg5 {
[%clk 1:15:18]} 52... Bg7 {[%clk 0:22:32]} 53. Bc1 {[%clk 1:15:29]} 53... Bf6 {
[%clk 0:21:17]} 54. Bb2 {[%clk 1:15:38]} 54... Be5 {[%clk 0:20:37]} 55. Bc1 {
[%clk 1:16:05]} 55... h4 {[%clk 0:18:41]} 56. gxh4 {[%clk 1:16:33]} 56... Bxh2
{[%clk 0:19:05]} 57. h5 {[%clk 1:16:48]} 57... Be5 {[%clk 0:19:23]} 58. h6 {
[%clk 1:17:09]} 58... f4 {[%clk 0:16:33]} 59. h7 {[%clk 1:16:48]} 59... f3 {
[%clk 0:16:56]} 60. Bf4 {[%clk 1:16:33]} 60... Bh8 {[%clk 0:16:01]} 61. Bg3 {
[%clk 1:16:27]} 61... Bg7 {[%clk 0:13:28]} 62. Bf2 {[%clk 1:16:44]} 62... Bh8 {
[%clk 0:13:32]} 63. Bg1 {[%clk 1:16:53]} 63... Kc5 {[%clk 0:12:35]} 64. a5 {
[%clk 1:17:13]} 64... Kb4 {[%clk 0:10:41]} 65. Bxd4 {[%clk 1:17:30]} 65... Bxd4
{[%clk 0:11:07]} 66. Kxd4 {[%clk 1:17:58]} 66... f2 {[%clk 0:11:31]} 67. h8=Q
67... f1=Q {[%clk 0:11:53]} 68. Qb8+ {[%clk 1:18:01]} 68... Kxa5 { [%clk
0:12:01]} 69. Qc7+ {[%clk 1:18:25]} 69... Ka4 {[%clk 0:12:18]} 70. Qc2+ { [%clk
1:18:49]} 70... Ka5 {[%clk 0:12:00]} 71. Qc7+ {[%clk 1:19:10]} 71... Kb4 {[%clk
0:12:11]} 72. Qc3+ {[%clk 1:19:28]} 72... Ka4 {[%clk 0:12:17]} 73. Qc2+ {[%clk
1:19:56]} 73... Ka3 {[%clk 0:11:57]} 74. Qc3+ {[%clk 1:20:17]} 74... Ka2 {[%clk
0:12:20]} 75. Qc2+ {[%clk 1:20:42]} 75... Ka1 {[%clk 0:12:45]} 76. Qc3+ {[%clk
1:21:06]} 76... Kb1 {[%clk 0:12:57]} 77. Qb3+ {[%clk 1:21:24]} 77... Kc1 {[%clk
0:13:09]} 78. Qc3+ {[%clk 1:21:53]} 78... Kb1 {[%clk 0:13:03]} 1/2-1/2

[Event "DEM U16 2018"]
[Site "Willingen GER"]
[Date "2018.05.23"]
[Round "6"]
[White "Wensing, Maximilian"]
[Black "Holinka, Henning"]
[Result "1/2-1/2"]
[Termination "normal"]
[Board "10"]
[WhiteElo "2088"]
[BlackElo "2185"]
[WhiteClock "00:44:07"]
[BlackClock "00:11:33"]
[PlyCount "53"]
[WhiteFideId "16222415"]
[BlackFideId "12967084"]
[EventCountry "GER"]
[EventRounds "9"]
[EventType "swiss"]
[EventDate "2018.05.19"]

1. e4 {[%clk 1:30:59]} 1... g6 {[%clk 1:30:52]} 2. d4 {[%clk 1:31:25]} 2... Bg7
{[%clk 1:31:14]} 3. Nc3 {[%clk 1:31:43]} 3... d6 {[%clk 1:31:40]} 4. Be3 {
[%clk 1:32:02]} 4... a6 {[%clk 1:32:04]} 5. f4 {[%clk 1:32:25]} 5... b5 { [%clk
1:31:48]} 6. Be2 {[%clk 1:32:49]} 6... b4 {[%clk 1:27:31]} 7. Na4 { [%clk
1:33:13]} 7... Bb7 {[%clk 1:25:59]} 8. Bf3 {[%clk 1:33:38]} 8... Nd7 { [%clk
1:20:02]} 9. e5 {[%clk 1:26:49]} 9... Qc8 {[%clk 1:12:27]} 10. c3 { [%clk
1:14:54]} 10... bxc3 {[%clk 1:08:14]} 11. bxc3 {[%clk 1:13:43]} 11... c5 {[%clk
0:56:16]} 12. Rb1 {[%clk 1:10:30]} 12... Rb8 {[%clk 0:49:40]} 13. Bxb7 { [%clk
1:06:40]} 13... Rxb7 {[%clk 0:49:55]} 14. Nf3 {[%clk 1:07:05]} 14... Nh6 {[%clk
0:46:29]} 15. O-O {[%clk 1:06:30]} 15... O-O {[%clk 0:45:25]} 16. Rxb7 { [%clk
0:58:07]} 16... Qxb7 {[%clk 0:45:26]} 17. exd6 {[%clk 0:58:33]} 17... exd6
{[%clk 0:37:13]} 18. dxc5 {[%clk 0:58:10]} 18... Re8 {[%clk 0:34:23]} 19. Re1
{[%clk 0:55:51]} 19... Nf5 {[%clk 0:19:10]} 20. Bf2 {[%clk 0:55:14]} 20...
Rxe1+ {[%clk 0:18:59]} 21. Qxe1 {[%clk 0:55:24]} 21... Nxc5 {[%clk 0:17:59]}
22. Nxc5 {[%clk 0:55:20]} 22... dxc5 {[%clk 0:18:22]} 23. Qe8+ {[%clk 0:53:54]}
23... Bf8 {[%clk 0:18:45]} 24. Bxc5 {[%clk 0:53:17]} 24... Qb1+ {[%clk 0:18:07]
} 25. Ne1 {[%clk 0:52:39]} 25... Nd6 {[%clk 0:13:28]} 26. Qe2 {[%clk 0:44:46]}
26... Ne4 {[%clk 0:11:33]} 27. Bd4 {[%clk 0:44:07]} 1/2-1/2